Madrasas and the Making of Islamic Womanhood (Record no. 176418)

MARC details
000 -LEADER
fixed length control field 00635nam a22001817a 4500
005 - DATE AND TIME OF LATEST TRANSACTION
control field 20201222124129.0
010 ## - LCCN (DPL NO)
LC control number ENG-128704
020 ## - INTERNATIONAL STANDARD BOOK NUMBER
International Standard Book Number 978-0-19-948422-5
Terms of availability 1195.00
035 ## - SYSTEM CONTROL NUMBER
System control number EN-112236
037 ## - SOURCE OF ACQUISITION
Source of stock number/acquisition DBAD/PUB
082 ## - DEWEY DECIMAL CLASSIFICATION NUMBER
Classification number 378.0770954
100 ## - MAIN ENTRY--PERSONAL NAME
Personal name Borker, Hem
245 ## - TITLE STATEMENT
Title Madrasas and the Making of Islamic Womanhood
Remainder of title Hem Borker
260 ## - PUBLICATION, DISTRIBUTION, ETC. (IMPRINT)
Place of publication, distribution, etc New Delhi
Name of publisher, distributor, etc Oxford University Press
Date of publication, distribution, etc 2018
270 ## - ADDRESS
City New Delhi
Postal code 110002
Address 2/11, Ground Floor, Ansari Road, Daryaganj
300 ## - PHYSICAL DESCRIPTION
Extent xiv+326p.
Dimensions 22cm(hbk)
Other physical details Including illustrations, bibliographical references and index.
942 ## - ADDED ENTRY ELEMENTS (KOHA)
Source of classification or shelving scheme Dewey Decimal Classification
Item type English Books
Classification part 378.0770954
Call number suffix BOR
Holdings
Withdrawn status Lost status Not for loan Collection code Home library Current library Date acquired Source of acquisition Cost, normal purchase price Full call number Barcode Copy number Cost, replacement price Koha item type
      Non-fiction Central Library Central Library 22/12/2020 DBAD/PUB 1195.00 378.0770954 BOR EN-112236 1 1195.00 English Books

© Delhi Public Library
Hit Counter
free hit counter